000
00299nam a22001337a 4500
008
171123b xxu||||| |||| 00| 0 eng d
020
_a
9780133518429
041
_a
eng
080
_a
004
100
_a
33
101
_a
SHK
245
_a
OPEN NETWORKING WITH OSI
_c
ANDRIAN.T
942
_2
udc
_c
BK
999
_c
38342
_d
38342